00898cam a2200217 a 450000100100000000500170001000800410002702000150006804000250008308200180010810000400012624500570016626000740022330000210029758600400031865000280035865000430038695201150042995201210054499900150066500000878520200929161417.0970514s1996 ck 001 f spa  a9586122506 aDO-SdBNPbspacBNPHU aC863.44bE18c1 aEcheverry R., Javier,d1949-92332813aEl camino del caimán /cJavier Echeverri Restrepo. aSantafé de Bogota, (Colombia) :bColcultura :bTercer Mundo,c1996. a198 p. ;c21 cm. aPremios nacionales de cultura, 1995 4aNovela colombiana91243 4aLiteratura colombianaySIGLO XX914409 001050718MOaGRbGRcHDd2009-09-18iLF1l0oC863.44 E18cp8785-10r2020-06-25w2020-06-25y1ZNo se presta 001150718MOaGRbGRcMId2017-05-29iLF1l0oC863.44 E18cp8785-20r2020-06-25te. 2w2020-06-25y1ZNo se presta c8554d8554